00378 a2200121 4500001001000000005001700010008004100027245006300068100002100131700002300152773006400175999001700239ART_4482720260410161850.0260409a 10aComparing downpayment and interest rate mortgage subsidies1 aBebczuk, Ricardo1 aDemaestri, Edgardo0 tEconómicag- Año LXI, Nº 1/2 (ene./dic. 2015)wREV7541 c24893d24893